000 00324nam a22001337a 4500
999 _c9441
_d9441
003 OSt
005 20210622114348.0
008 210622b ||||| |||| 00| 0 eng d
020 _a9783869221878
082 _a720.95193
245 _aArchitectural and cultural guide pyongyang vol-1
260 _bDOM Publishers
942 _2ddc